Overwatch Roster - Ultimate Abilities - Statistics

General Stats
  • This quiz has been taken 74 times
  • The average score is 22 of 52
Answer Stats
Hero Name Ultimate Ability Name % Correct
Ana Nano-Boost
96%
Ashe B.O.B.
90%
Doomfist Meteor Strike
69%
Cassidy Deadeye
65%
Genji Dragonblade
65%
Torbjorn Molten Core
63%
Sombra EMP
61%
Brigitte Rally
61%
Reinhardt Earthshatter
59%
Reaper Death Blossom
57%
Tracer Pulse Bomb
57%
Winston Primal Rage
55%
D.Va Self-Destruct
55%
Roadhog Whole Hog
55%
Kiriko Kitsune Rush
53%
Soldier: 76 Tactical Visor
53%
Junkrat Rip-Tire
51%
Moira Coalescence
49%
Junker Queen Rampage
49%
Baptiste Amplification Matrix
47%
Mei Blizzard
47%
Mauga Cage Fight
47%
Lucio Sound Barrier
47%
Mercy Valkyrie
47%
Pharah Barrage
45%
Zenyatta Transcendence
45%
Sojourn Overclock
43%
Orisa Terra Surge
43%
Hanzo Dragonstrike
41%
Sigma Gravitic Flux
41%
Wrecking Ball Minefield
41%
Bastion Configuration: Artillery
39%
Zarya Graviton Surge
39%
Juno Orbital Ray
39%
Freja Bola Shot
37%
Ramattra Annihilation
35%
Widowmaker Infra-Sight
35%
Echo Duplicate
31%
Illari Captive Sun
29%
D.Va Call Mech
27%
Symettra Photon Barrier
25%
Hazard Downpour
24%
Venture Tectonic Shock
20%
Wuyang Tidal Blast
18%
Mizuki Kekkai Sanctuary
16%
Domina Panopticon
16%
Anran Vermillion Ascent
16%
Emre Override Protocol
14%
Anran Vermillion Revival
12%
Jetpack Cat Catnapper
10%
Vendetta Sundering Blade
8%
Lifeweaver Tree of Life
2%
No matching quizzes found
Score Distribution
Percent of People with Each Score
Percentile by Number Answered
Your Score History
You have not taken this quiz